000
00427nam a2200133Ia 4500
008
100328s9999 xx 000 0 und d
082
_b
54168
100
_a
वीरकर न.गं.
245
_a
उपहार गृहांचा ांदा
260
_b
उदयम
630
_a
उपहार गृहांचा ांदा
730
_a
उपहार गृहांचा ांदा
942
_c
BOOK
999
_c
540891
_d
540888